000 00851nas a2200289 4500
001 BR0000098
003 BR-BrBNA
005 20231205101618.0
007 ta
008 230509b bl.|||p| |||| 00| 00por d
040 _aBR-BrBNA
_bpor
_cBiblioteca Nacional de Agricultura
041 _a(Pt)
072 _aP33
100 1 _aKurihara, C.H.
100 1 _aMaeda, S.
100 1 _aHernani, L.C.
100 1 _aSilva, W.M.
245 1 _aEficiencia relativa de fracoes granulometricas de calcarios sul-mato-grossenses
650 _aSolo
650 _aGranulometria
650 _aTextura do Solo
650 _aCalcario
650 _aMato Grosso do Sul
773 0 _tPesquisa Agropecuaria Brasileira (Brazil)
_xISSN 0100-204X
_g(Aug 1999), v. 34(8) p. 1443-1449
_wBR0000098
909 _a202311
_bLúcia
_c55
_dLúcia Elande
942 _2AGRIS
_n0
_cANA
999 _c162839
_d162839